Juan Felizario Contento: El rey de los negocios

Gardado en:
Detalles Bibliográficos
Autor Principal: Lago, Ángela (Author)
Formato: Libro
Idioma:Lingua castelá
Publicado: Ciudad de México Fondo de Cultura Económica 2003
Edición:1a. ed
Series:Especiales A la Orilla del Viento
Subjects:
Tags: Engadir etiqueta
Sen Etiquetas, Sexa o primeiro en etiquetar este rexistro!

MARC

LEADER 00000nam a2200000 a 4500
001 UCH9614
003 CL-VaPUC
008 100114e20030000mx |||||||||||||||||spa|d
020 |a 9681670477 
082 0 4 |a 808.068  |b LAG  |2 21 
100 |a Lago, Ángela  |e author  |9 546780 
245 1 0 |a Juan Felizario Contento: El rey de los negocios 
250 |a 1a. ed 
300 |a 32 p 
942 |c BK 
945 |d 20100114 00:00:00  |a dcastane 
260 |a Ciudad de México  |b Fondo de Cultura Económica  |c 2003 
650 0 |a Literatura infantil   |9 307465 
650 0 |a Cuentos infantiles  |9 308044 
583 |a last modification  |c 20171011 11:44:28  |k Rodrigo Vera 
490 0 |a Especiales A la Orilla del Viento 
999 |c 339535  |d 339533